Project manager services (Record no. 110109)
[ view plain ]
| 000 -LEADER | |
|---|---|
| fixed length control field | 01286cad a22002295a 4500 |
| 001 - CONTROL NUMBER | |
| control field | E148568 |
| 008 - FIXED-LENGTH DATA ELEMENTS--GENERAL INFORMATION | |
| fixed length control field | 091005s2008 xxk f 000 0 eng d |
| 035 ## - SYSTEM CONTROL NUMBER | |
| System control number | (Sirsi) u148568 |
| 041 0# - LANGUAGE CODE | |
| Language code of text/sound track or separate title | eng |
| 050 04 - LIBRARY OF CONGRESS CALL NUMBER | |
| Classification number | 658.404 $2 18 |
| 110 2# - MAIN ENTRY--CORPORATE NAME | |
| Corporate name or jurisdiction name as entry element | Royal Institution of Chartered Surveyors |
| 9 (RLIN) | 4900 |
| 245 00 - TITLE STATEMENT | |
| Title | Project manager services |
| Remainder of title | for use with the RICS Scotland standard form of consultant's appointment and RICS Scotland short form of consultant's appointment |
| 260 ## - PUBLICATION, DISTRIBUTION, ETC. | |
| Place of publication, distribution, etc. | Coventry |
| Name of publisher, distributor, etc. | RICS |
| Date of publication, distribution, etc. | 2008 |
| 300 ## - PHYSICAL DESCRIPTION | |
| Extent | [8p.] |
| Dimensions | 30cm. |
| 490 ## - SERIES STATEMENT | |
| Series statement | RICS Standard Form |
| 520 ## - SUMMARY, ETC. | |
| Summary, etc. | RICS consultancy form of appointment. For use with the RICS Scotland standard form of consultant's appointment and the RICS Scotland short form of consultant's appointment. Provides the list of core services and supplementary services to be provided by a project manager as part of a project. Includes a schedule of meetings to be attended by the Consultant. Contains work stages from the Royal Institute of British Architects Outline Plan of Work 2007 (preparation, design, pre-construction, construction, and use). Written in plain English. |
| 521 ## - TARGET AUDIENCE NOTE | |
| Target audience note | Advanced |
| 651 #4 - SUBJECT ADDED ENTRY--GEOGRAPHIC NAME | |
| Geographic name | Scotland |
| Chronological subdivision | 1999- |
| 690 ## - LOCAL SUBJECT ADDED ENTRY--TOPICAL TERM (OCLC, RLIN) | |
| Topical term or geographic name as entry element | BUILT ENVIRONMENT-BUILDING CONTRACT FORMS |
| 690 ## - LOCAL SUBJECT ADDED ENTRY--TOPICAL TERM (OCLC, RLIN) | |
| Topical term or geographic name as entry element | Project management |
| 9 (RLIN) | 6261 |
| 942 ## - ADDED ENTRY ELEMENTS (KOHA) | |
| Suppress in OPAC | 0 |
| Source of classification or shelving scheme | Dewey Decimal Classification |
| Withdrawn status | Lost status | Source of classification or shelving scheme | Damaged status | Not for loan | Home library | Current library | Shelving location | Date acquired | Total Checkouts | Full call number | Barcode | Date last seen | Copy number | Price effective from | Koha item type |
|---|---|---|---|---|---|---|---|---|---|---|---|---|---|---|---|
| Dewey Decimal Classification | London | London | RICS Boxes | 18/03/2010 | RICS 2008/71 | 30075410 | 06/08/2019 | 1 | 06/08/2019 | Archive | |||||
| Dewey Decimal Classification | London | London | Reference copy | 18/03/2010 | RICS 2008/71 | 30075411 | 06/08/2019 | 1 | 06/08/2019 | Reference material | |||||
| Dewey Decimal Classification | Virtual | Virtual | Online | 05/10/2009 | ONLINE PUBLICATION | 148568-2001 | 06/08/2019 | 1 | 06/08/2019 | Book |